Statistiques concernant Énantiosémie #2

Cliquez ici pour prendre le quiz!

Statistiques générales

  • Ce quiz a été pris 10 fois
  • Le résultat moyen est 8 sur 15

Statistiques - réponses

Définition 1MotDéfinition 2% Correct
Prendre en locationLouerDonner en location.
100%
Prêter serment sur l’honneur.JurerProférer des jurons, des paroles blasphématoires.
89%
Sur quelque chose.ContreOpposé à quelqu’un ou à quelque chose.
78%
Personne qui reçoit, accueil un invité.HôteLa personne invitée.
78%
Accorder l’autorisation de travailler, d’avoir une activité commerciale, participer aux activités (dont tournois) dans un club de sport.LicencierCongédier, mettre au chômage.
78%
Davantage, supplément.PlusAbsence, disparition.
78%
Savoir.ConnaîtrePratiquer, prendre connaissance.
67%
Diviser, répartir.PartagerAvoir en commun, prendre part à quelque chose ensemble.
67%
Se montrer reconnaissant.RemercierCongédier, licencier.
67%
Qui inspire un grand respect, de la vénération ou qui en est digne.AugusteType de clown caricatural qui nous fait rire.
33%
Se régaler, se délecter.DégusterSouffrir, recevoir des coups.
33%
Amabilités, affabilités.AménitéParoles blessantes ou injurieuses.
11%
Terme affectif adressé à quelqu’un qu’on apprécie (en général, un adulte vis-à-vis d’un enfant).CocoIndividu le plus souvent bizarre ou suspect.
11%
Ne plus fonctionner comme il faut, déraisonner.DébloquerRemettre en état de marche.
11%
Il y a peu de temps.Tout à l’heureDans peu de temps
11%

Distribution des résultats

Percentile par nombre de réponses

% des personnes avec chaque résultat

Votre développement - résultats

Vous n’avez pas pris ce quiz